000
00329 a2200145 4500
001
194282
040
_c
Magnum
100
_a
King, Stephen Michael
240
1
0
_a
Ana, Guto e o gato dançarino
_l
por
245
1
0
_a
Ana, Guto e o gato dançarino
300
_a
32
362
0
_a
2005
697
_a
LITERATURA INFANTIL
942
_c
BK
999
_c
194282
_d
194282